000 00426 a2200133 4500
001 87729
082 _aPR 106
090 _c41188
_d41188
100 _aUmar Afzal, SPC 082004, 73(B) EC
245 _aDesign and development of wireless clock synchronization system
260 _aRisalpur
_bCAE, PAF Academy Risalpur
_c2012
300 _a62p.
_eSharjeel Bin Afzal, Sqn Ldr ; Junaid Hafeez, Sqn Ldr
500 _aBE Project Reports
942 _aCAE NUST
_kPR 106
999 _c322802
_d322802